000 00702nam a22002297a 4500
005 20170124110254.0
010 _aB-079557
020 _c400.00
_a8190120256
035 _aB-079557
037 _bCen Lib/Ret
040 _aDPL
_bEN
082 _a613
_bPAR
100 _aPark, K.
_9108723
245 _aPark's textbook of preventive and social medicine /
_cby K. Park
260 _bM/s Banarsidas Bhanot
_aJabalpur
_c2002
270 _bJabalpur
_e482001
_a1167, prem nagar
300 _a671p.
_c25cm(Hb)
500 _aIncludes bibliographical references and index
650 _aMedical sciences
_91928
650 _aSocial medicine
_9108724
942 _2ddc
_cEN
_h613
_mPAR
999 _c136114
_d136114